Dictionnaire des religions

Guardat en:
Dades bibliogràfiques
Autor principal: Thiollier, Marguerite-Marie (Autor)
Format: Llibre
Idioma:francès
Publicat: París Larousse 1966
Matèries:
Etiquetes: Afegir etiqueta
Sense etiquetes, Sigues el primer a etiquetar aquest registre!

MARC

LEADER 00000nam a2200000 a 4500
001 UCZ3485
003 CL-VaPUC
008 951020e19660000FR |||||||||||||||||fre|d
082 0 4 |a 200.3  |b THI  |2 21 
100 0 |a Thiollier, Marguerite-Marie  |e author  |9 347252 
245 1 0 |a Dictionnaire des religions 
300 |a 255 p 
942 |c BK 
945 |d 19951020 00:00:00  |a aalvarez 
260 |a París  |b Larousse  |c 1966 
650 0 |a Religiones  |9 265211 
650 0 |a Diccionarios  |9 256200 
650 7 |a FRANCES  |2 CL-VaPUC  |9 259059 
583 |a last modification  |c 19951020 00:00:00  |k Rodrigo Vera 
999 |c 239957  |d 239955 
952 |0 0  |1 0  |4 0  |6 200_300000000000000_THI_1966  |7 0  |8 F  |9 251516  |a BIBTEO  |b BIBTEO  |d 2019-11-18  |i 2020505  |o 200.3 THI 1966  |p 2020505  |r 2025-01-17  |w 2019-11-18  |y BK_F  |k ICR